| 000 | 00889naa a22002657a 4500 | ||
|---|---|---|---|
| 001 | BR8703762 | ||
| 003 | BR-BrBNA | ||
| 005 | 20240918175818.0 | ||
| 007 | ta | ||
| 008 | 230509b bl.||||| |||| 00| 0 por d | ||
| 040 |
_aBR-BrBNA _bpor _cBiblioteca Nacional de Agricultura |
||
| 041 | _a(Pt) | ||
| 072 |
_aQ04 _b0210 |
||
| 090 | _aQ04 BR8703762 | ||
| 100 | 1 | _aFedalto, A.A. | |
| 245 | 1 | _aConsideracoes sobre a utilizacao da batata doce (Ipomea batatas (L.)Lam.) | |
| 260 | 3 |
_aVicosa, MG (Brasil): _c1983. |
|
| 500 | _aSeminarios de Olericultura. Volume 7 Vicosa, MG (Brasil): 1983. p. 129-150 (BR8703762-AM)Q04 | ||
| 650 | _aBATATA DOCE | ||
| 650 | _aCOMPOSICAO DE ALIMENTO | ||
| 650 | _aVALOR NUTRITIVO | ||
| 773 | 0 |
_tSeminarios de Olericultura. Volume 7 _wQ04 BR8703762 _gVicosa, MG (Brasil), 1983. p. 129-150 |
|
| 909 |
_a202404 _bLucia _c55 _dLucia Elande |
||
| 942 |
_cAM _2AGRIS |
||
| 999 |
_c318229 _d318229 |
||